000 00438nam a2200181Ia 4500
001 18093
005 20260306171605.0
008 260306s9999||||xx |||||||||||||| ||und||
041 _aESP
082 _a658.4012
_bA66
100 _aAramayo Prieto, Armando
_eAUT
245 0 _aPlaneamiento estratégico empresarial
260 _c2007
300 _a199 páginas :
_ccm.
650 _aGEN
654 _aCAN
942 _cLIB
_dJUS
_fJUS
_2ddc
_n
999 _c18093
_d18093